[Event "4NCL Online Division 4"]
[Site "online"]
[Date "2021.02.23"]
[EventDate "2021.02.23"]
[Round "3.11"]
[White "Dean, Robert A"]
[WhiteElo "1807"]
[WhiteTeam "Bradford DCA Knights B"]
[Black "Robinson, Brian"]
[BlackElo "1717"]
[BlackTeam "Bishop Trojans"]
[Result "1-0"]
[PlyCount "75"]

1. e4 e6 2. d4 d5 3. Nd2 c5 4. exd5 Qxd5 5. Ngf3 Nf6 6. Bc4 Qd8 7. O-O Be7 8. Nb3 cxd4 9. Nbxd4 O-O 10. Re1 Qc7 11. Bb3 Rd8 12. c3 a6 13. Qe2 Nc6 14. Nxc6 Qxc6 15. Ne5 Qe8 16. Bf4 Nd5 17. Bxd5 Rxd5 18. Rad1 Rxd1 19. Rxd1 b5 20. Qf3 Ra7 21. Be3 Rc7 22. Bb6 Bb7 23. Qxf7+ Qxf7 24. Nxf7 Kxf7 25. Bxc7 Bc6 26. Bd8 Bf8 27. Bh4 Bd5 28. b3 h6 29. Bg3 g5 30. Rc1 Ba3 31. Rc2 Be4 32. Rd2 Bd5 33. h4 g4 34. Rd4 h5 35. c4 bxc4 36. bxc4 Bc5 37. Rf4+ Ke7 38. cxd5 1-0

[Event "4NCL Online Division 4"]
[Site "online"]
[Date "2021.02.23"]
[EventDate "2021.02.23"]
[Round "3.12"]
[White "Smith, Peter J"]
[WhiteElo "1645"]
[WhiteTeam "Bishop Trojans"]
[Black "Johnson, Paul A"]
[BlackElo "1797"]
[BlackTeam "Bradford DCA Knights B"]
[Result "0-1"]
[PlyCount "134"]

1. a3 e5 2. h3 d5 3. d3 Nf6 4. c3 Nc6 5. Qc2 Bd6 6. Nd2 Be6 7. Ngf3 h6 8. g4 Qd7 9. e4 O-O-O 10. Bg2 Kb8 11. b4 dxe4 12. dxe4 Ne7 13. c4 c6 14. Bb2 Ng6 15. Bf1 Bc7 16. a4 Qe7 17. c5 Nd7 18. Ba3 Ka8 19. b5 Ba5 20. Rb1 Rb8 21. b6 axb6 22. Bb4 Bxb4 23. Rxb4 Qxc5 24. Qb2 Rbd8 25. Bc4 Nf4 26. Kf1 Bxc4+ 27. Rxc4 Qd6 28. Kg1 Nd3 29. Qb1 g6 30. Kg2 f5 31. Rd1 fxg4 32. hxg4 Nf4+ 33. Kf1 Qe6 34. Qb3 Qxg4 35. Ke1 Nc5 36. Qa3 Ncd3+ 37. Qxd3 Nxd3+ 38. Ke2 Nb2 39. Rg1 Qf4 40. Rc2 Nd3 41. Rxg6 Rhg8 42. Rxg8 Rxg8 43. Kxd3 Rd8+ 44. Ke2 h5 45. Rc1 h4 46. Rh1 Rh8 47. Rh3 Qg4 48. Rh1 h3 49. Nf1 Qxe4+ 50. Ne3 Qxa4 51. Nxe5 Qa2+ 52. Kf1 Qa1+ 53. Ke2 Qxh1 54. Nf3 Qa1 55. Nh2 Rg8 56. Nhg4 Qd4 57. f3 b5 58. Kf2 b4 59. Kf1 b3 60. Ke2 b2 61. Nc2 Qc3 62. Nce3 b1=Q 63. f4 Qbd3+ 64. Kf3 Rxg4 65. Kxg4 Qxe3 66. f5 Qg7+ 67. Kh5 Qeg5# 0-1

[Event "4NCL Online Division 4"]
[Site "online"]
[Date "2021.02.23"]
[EventDate "2021.02.23"]
[Round "3.13"]
[White "Adam, David W"]
[WhiteElo "1725"]
[WhiteTeam "Bradford DCA Knights B"]
[Black "Bainbridge, Bryan J"]
[BlackElo "1546"]
[BlackTeam "Bishop Trojans"]
[Result "1/2-1/2"]
[PlyCount "45"]

1. c4 e6 2. g3 c5 3. Bg2 Nc6 4. e4 Nf6 5. Nc3 Rb8 6. d3 h6 7. Nge2 d6 8. O-O Be7 9. f4 O-O 10. h3 Kh8 11. Be3 Ng8 12. Qd2 f5 13. exf5 exf5 14. Nd5 Nf6 15. Nec3 Nxd5 16. Nxd5 Be6 17. Rfe1 Bxd5 18. Bxd5 Bf6 19. Rad1 Nd4 20. Kg2 b6 21. Bf2 Qd7 22. Bxd4 Bxd4 23. b3 1/2-1/2

[Event "4NCL Online Division 4"]
[Site "online"]
[Date "2021.02.23"]
[EventDate "2021.02.23"]
[Round "3.14"]
[White "Berry, Robert"]
[WhiteElo "1520"]
[WhiteTeam "Bishop Trojans"]
[Black "Clarke, Paul R H"]
[BlackElo "1729"]
[BlackTeam "Bradford DCA Knights B"]
[Result "0-1"]
[PlyCount "64"]

1. c4 c6 2. Nc3 d5 3. cxd5 cxd5 4. d4 a6 5. g3 Nf6 6. Bg2 e6 7. a3 Nc6 8. Nf3 Be7 9. O-O O-O 10. Bd2 Bd7 11. e3 Rc8 12. h3 Na5 13. b3 Qb6 14. b4 Nc4 15. Ne5 Be8 16. Nxc4 Rxc4 17. Rc1 Bd7 18. Qb3 Rfc8 19. Na4 Qb5 20. Nc3 Qb6 21. Na4 Qc7 22. Nb2 Rc2 23. Rcd1 Bb5 24. Rfe1 Ne4 25. Bxe4 dxe4 26. a4 Bd7 27. Rf1 e5 28. f3 exd4 29. f4 Bxh3 30. exd4 Bxf1 31. Kxf1 Qd7 32. Be3 Qh3+ 0-1

[Event "4NCL Online Division 4"]
[Site "online"]
[Date "2021.02.23"]
[EventDate "2021.02.23"]
[Round "3.21"]
[White "Nunn, John D M"]
[WhiteTitle "GM"]
[WhiteElo "2561"]
[WhiteTeam "Bude Surfers"]
[Black "Brozel, Sacha"]
[BlackElo "2310"]
[BlackTeam "Barnet Knights A"]
[Result "1-0"]
[PlyCount "77"]

1. e4 e6 2. d4 d5 3. Nc3 Bb4 4. e5 c5 5. a3 Bxc3+ 6. bxc3 Qa5 7. Bd2 Qa4 8. Rb1 c4 9. Qc1 Nc6 10. g3 b6 11. Bg2 Bd7 12. Ne2 O-O-O 13. Nf4 f6 14. O-O fxe5 15. dxe5 g5 16. Nh5 h6 17. f4 Rf8 18. Be3 gxf4 19. Rxf4 Rxf4 20. Bxf4 Qa5 21. Qe3 Nge7 22. Bh3 d4 23. cxd4 Nd5 24. Qf2 Rf8 25. Nf6 Nxf6 26. exf6 Rxf6 27. Qe3 Ne7 28. Be5 Rg6 29. Rf1 Nf5 30. Qe4 Kd8 31. Qa8+ Ke7 32. Bc7 Kf7 33. Bd6 Rg8 34. Qb7 Ke8 35. Bb4 Qa4 36. Bxf5 exf5 37. Re1+ Kd8 38. Qb8+ Bc8 39. Be7+ 1-0

[Event "4NCL Online Division 4"]
[Site "online"]
[Date "2021.02.23"]
[EventDate "2021.02.23"]
[Round "3.22"]
[White "Rasalingam, Haran"]
[WhiteElo "2087"]
[WhiteTeam "Barnet Knights A"]
[Black "Fink-Nunn, Petra"]
[BlackTitle "WFM"]
[BlackElo "2050"]
[BlackTeam "Bude Surfers"]
[Result "0-1"]
[PlyCount "64"]

1. e4 e5 2. f4 d5 3. exd5 exf4 4. Nf3 Nf6 5. Bb5+ c6 6. Qe2+ Be7 7. dxc6 Nxc6 8. d4 O-O 9. c3 Bd6 10. O-O Bg4 11. Nbd2 Re8 12. Qf2 Rc8 13. Qh4 Bb8 14. Bd3 Qd7 15. h3 Bf5 16. Bb5 Nd5 17. Nc4 f6 18. Na5 Ne3 19. Bxe3 fxe3 20. Nxc6 bxc6 21. Bc4+ Kh8 22. Be2 Qd6 23. Ne5 fxe5 24. Rxf5 exd4 25. g3 d3 26. Bh5 g6 27. Rf6 Qxg3+ 28. Qxg3 Bxg3 29. Bg4 Rcd8 30. Kg2 Bh4 31. Rf4 e2 32. Bxe2 dxe2 0-1

[Event "4NCL Online Division 4"]
[Site "online"]
[Date "2021.02.23"]
[EventDate "2021.02.23"]
[Round "3.23"]
[White "Constable, Christine F"]
[WhiteElo "1455"]
[WhiteTeam "Bude Surfers"]
[Black "Covey, Jason"]
[BlackElo "1981"]
[BlackTeam "Barnet Knights A"]
[Result "0-1"]
[PlyCount "124"]

1. d4 e6 2. c4 Nf6 3. g3 d5 4. Bg2 Be7 5. Nf3 O-O 6. O-O c5 7. Nc3 cxd4 8. Qxd4 Nc6 9. Qd2 dxc4 10. Rd1 Qb6 11. e3 e5 12. Qc2 Bg4 13. Na4 Qc7 14. Qxc4 e4 15. b4 exf3 16. b5 fxg2 17. Rd4 Be6 18. Qc2 Qa5 19. bxc6 Qe1+ 20. Kxg2 Bh3+ 21. Kf3 Qh1+ 22. Ke2 Bg4+ 23. Rxg4 Nxg4 24. Bb2 Qxh2 25. Rf1 Rac8 26. Qe4 Qh5 27. Rh1 Nf6+ 28. Rxh5 Nxe4 29. cxb7 Rc7 30. Rb5 Bd6 31. Kf3 Rc4 32. Ra5 Bb8 33. Bd4 Nd6 34. Nc5 Rd8 35. Be5 Rb4 36. Bc3 Rb1 37. Nb3 Nxb7 38. Rb5 Nd6 39. Rd5 Rc8 40. Bb4 Nc4 41. Kg4 h6 42. f4 Nxe3+ 43. Kf3 Nxd5 44. Ba5 Re8 45. Bd2 Rb2 46. Bc1 Rxa2 47. Nd4 Ra1 48. Bb2 Re3+ 49. Kg4 Rb1 50. Nf5 Rxb2 51. Nxe3 Nxe3+ 52. Kf3 Nd5 53. Ke4 Nf6+ 54. Kf3 a5 55. g4 a4 56. Kg3 a3 57. g5 hxg5 58. Kf3 g4+ 59. Kg3 a2 60. Kh4 a1=Q 61. f5 Qh1+ 62. Kg5 Qh6# 0-1

[Event "4NCL Online Division 4"]
[Site "online"]
[Date "2021.02.23"]
[EventDate "2021.02.23"]
[Round "3.24"]
[White "Kesterson, Kennan"]
[WhiteElo "2006"]
[WhiteTeam "Barnet Knights A"]
[Black "Richards, Maurice A"]
[BlackElo "1454"]
[BlackTeam "Bude Surfers"]
[Result "1-0"]
[PlyCount "153"]

1. e4 d6 2. d4 Nf6 3. Nc3 e5 4. dxe5 dxe5 5. Qxd8+ Kxd8 6. Bc4 Be6 7. Bxe6 fxe6 8. Nf3 Bd6 9. Bg5 Nd7 10. O-O-O a6 11. Bh4 h6 12. Bg3 g5 13. Nxe5 Nxe5 14. Bxe5 Ke7 15. Bd4 e5 16. Be3 Ke6 17. f3 Rad8 18. Rd3 Rh7 19. Rhd1 Rhd7 20. Ne2 c5 21. Ng3 Bf8 22. Nf5 Rxd3 23. Rxd3 Rxd3 24. cxd3 b6 25. g4 Nd7 26. Kd2 Nb8 27. Kc3 Nc6 28. b3 Nd4 29. Bxd4 cxd4+ 30. Kd2 b5 31. Kc2 b4 32. Kd2 Kf6 33. Ke2 Kg6 34. Kf2 Kf6 35. Kg3 Kg6 36. h4 Kf6 37. Kh3 Kg6 38. Ng3 Be7 39. hxg5 hxg5 40. Kg2 Kf6 41. Nf1 Ke6 42. Nd2 a5 43. Kf2 Bd8 44. Ke2 Kd6 45. Nc4+ Ke6 46. Kd2 Kf6 47. Kc2 Ke6 48. Kb2 Kf6 49. a3 Ke6 50. axb4 axb4 51. Kc2 Be7 52. Nb6 Bf8 53. Nd5 Bd6 54. Kd2 Bf8 55. Ke2 Bd6 56. Kf2 Bf8 57. Kg3 Bd6 58. Kg2 Bf8 59. Kh2 Bd6 60. Kg3 Bf8 61. f4 exf4+ 62. Kf3 Bd6 63. Nb6 Bc5 64. Nc4 Bf8 65. Nd2 Be7 66. Ke2 Bf8 67. Nf3 Be7 68. Nxd4+ Kf6 69. Nf3 Ke6 70. d4 Kd6 71. Kd3 Kc6 72. Kc4 Kb6 73. d5 Ka5 74. e5 Bd8 75. d6 Kb6 76. e6 Bf6 77. e7 1-0

[Event "4NCL Online Division 4"]
[Site "online"]
[Date "2021.02.23"]
[EventDate "2021.02.23"]
[Round "3.31"]
[White "Gill, Veer"]
[WhiteElo "1306"]
[WhiteTeam "Hatch End B"]
[Black "Mackle, Dominic"]
[BlackElo "2152"]
[BlackTeam "Hackney Thirsty"]
[Result "0-1"]
[PlyCount "86"]

1. e4 g6 2. d4 Bg7 3. Nf3 d6 4. Nc3 Nf6 5. Bc4 O-O 6. O-O a6 7. e5 dxe5 8. dxe5 Qxd1 9. Rxd1 Ng4 10. Bf4 Nc6 11. Nd5 Ngxe5 12. Nxe5 Nxe5 13. Bxe5 Bxe5 14. Nxe7+ Kg7 15. c3 Be6 16. Bxe6 fxe6 17. Re1 Kf6 18. Rad1 Bd6 19. Re3 Kxe7 20. Rde1 e5 21. g3 g5 22. h4 g4 23. b4 a5 24. a3 h5 25. c4 axb4 26. axb4 c6 27. c5 Bc7 28. Re4 Ra2 29. f4 gxf3 30. Rf1 f2+ 31. Kg2 Ke6 32. Re3 Rb2 33. Rd3 e4 34. Re3 Ke5 35. Kh2 Kd4 36. Ra3 e3 37. Raa1 e2 38. Kg2 exf1=Q+ 39. Rxf1 Ke3 40. Kh2 Kf3 41. Kh3 Rg8 42. Kh2 Rxg3 43. Kh1 Rh3# 0-1

[Event "4NCL Online Division 4"]
[Site "online"]
[Date "2021.02.23"]
[EventDate "2021.02.23"]
[Round "3.32"]
[White "Tennyson, John"]
[WhiteElo "1982"]
[WhiteTeam "Hackney Thirsty"]
[Black "Scales, Barry"]
[BlackElo "1133"]
[BlackTeam "Hatch End B"]
[Result "1-0"]
[PlyCount "53"]

1. c4 e5 2. g3 Bc5 3. Nc3 c6 4. Bg2 d6 5. e3 Nf6 6. Nge2 Bg4 7. d4 exd4 8. exd4 Bb6 9. O-O h6 10. h3 h5 11. Bg5 Nbd7 12. Re1 O-O 13. hxg4 hxg4 14. Ne4 Qc7 15. Nxf6+ Nxf6 16. Bxf6 gxf6 17. Nf4 f5 18. Qd3 Qd7 19. Nh5 Bd8 20. d5 Bg5 21. dxc6 bxc6 22. Bxc6 Qxc6 23. Qxf5 d5 24. Qxg5+ Qg6 25. Nf6+ Kg7 26. Qxg6+ Kh8 27. Qh7# 1-0

[Event "4NCL Online Division 4"]
[Site "online"]
[Date "2021.02.23"]
[EventDate "2021.02.23"]
[Round "3.33"]
[White "Shah, Ashok"]
[WhiteElo "1103"]
[WhiteTeam "Hatch End B"]
[Black "Domanski, Lukasz"]
[BlackElo "2002"]
[BlackTeam "Hackney Thirsty"]
[Result "0-1"]
[PlyCount "60"]

1. e4 Nf6 2. Nc3 e5 3. d3 Nc6 4. Be2 Bc5 5. Bg5 h6 6. Bxf6 Qxf6 7. Nf3 Ne7 8. Nb5 Qb6 9. d4 exd4 10. c3 dxc3 11. Nfd4 a6 12. Nxc3 Bxd4 13. O-O Bxc3 14. bxc3 d6 15. Bc4 O-O 16. Rb1 Qc5 17. Bd5 Nxd5 18. exd5 b5 19. Rb4 Bb7 20. Rh4 Qxd5 21. Qg4 Qg5 22. Qh3 Bxg2 23. Rg4 Bxh3 24. Rxg5 hxg5 25. Re1 Rfe8 26. Rd1 Re2 27. Kh1 Rae8 28. Rg1 Rxf2 29. Rg3 Re1+ 30. Rg1 Bg2# 0-1

[Event "4NCL Online Division 4"]
[Site "online"]
[Date "2021.02.23"]
[EventDate "2021.02.23"]
[Round "3.34"]
[White "Ciesielski, Marceli"]
[WhiteElo "1769"]
[WhiteTeam "Hackney Thirsty"]
[Black "Smyth, Peter"]
[BlackElo "970"]
[BlackTeam "Hatch End B"]
[Result "1-0"]
[PlyCount "59"]

1. e4 e6 2. d4 Nc6 3. c4 Qf6 4. Nf3 Bb4+ 5. Nc3 Nh6 6. Be2 Qg6 7. O-O Ng4 8. Bd3 e5 9. d5 Na5 10. Nb5 O-O 11. Nxc7 Rb8 12. a3 Bd6 13. Nb5 a6 14. Nxd6 Qxd6 15. b4 b6 16. bxa5 bxa5 17. Bd2 Rb2 18. Bxa5 Rxf2 19. Rxf2 Nxf2 20. Kxf2 Qg6 21. Nxe5 Qf6+ 22. Nf3 g5 23. e5 Qf4 24. Bd2 Qg4 25. Bxg5 d6 26. Qc2 f5 27. e6 h5 28. h3 Qxf3+ 29. gxf3 Kg7 30. Rg1 1-0

[Event "4NCL Online Division 4"]
[Site "online"]
[Date "2021.02.23"]
[EventDate "2021.02.23"]
[Round "3.41"]
[White "Ball, Matthew P"]
[WhiteElo "1794"]
[WhiteTeam "Doughnuts of Doom"]
[Black "Kirkham, Mark"]
[BlackElo "1823"]
[BlackTeam "Sheffield Deaf"]
[Result "0-1"]
[PlyCount "96"]

1. d4 e6 2. Nf3 c5 3. e3 Nf6 4. Bd3 d5 5. b3 Nc6 6. Bb2 Bd6 7. Nbd2 O-O 8. O-O Qe7 9. dxc5 Bxc5 10. Ne5 Ba3 11. Bxa3 Qxa3 12. Ndf3 Qd6 13. Nxc6 bxc6 14. c4 Re8 15. Rc1 Bd7 16. c5 Qc7 17. Qd2 e5 18. Be2 Bf5 19. Nh4 Be6 20. Nf3 Bg4 21. Rb1 Qe7 22. Rfc1 Nd7 23. b4 a6 24. Rb3 Nf6 25. Ra3 Ne4 26. Qd3 Nf6 27. Qd2 Ne4 28. Qd1 Rab8 29. Rb1 a5 30. bxa5 Qxc5 31. Rab3 Rxb3 32. Rxb3 Nc3 33. Qd2 Nxe2+ 34. Qxe2 e4 35. Qb2 exf3 36. Rb8 Rf8 37. h3 Bc8 38. Qd2 fxg2 39. Kxg2 Bxh3+ 40. Kxh3 Rxb8 41. a6 Qa3 42. Qe2 Ra8 43. Qg4 Qxa6 44. Kg3 Qf1 45. Qd7 Qg1+ 46. Kf3 h5 47. a4 Rxa4 48. Qxc6 Qg4# 0-1

[Event "4NCL Online Division 4"]
[Site "online"]
[Date "2021.02.23"]
[EventDate "2021.02.23"]
[Round "3.42"]
[White "Gibson, Stephen"]
[WhiteElo "1505"]
[WhiteTeam "Sheffield Deaf"]
[Black "Smith, David W"]
[BlackElo "1706"]
[BlackTeam "Doughnuts of Doom"]
[Result "0-1"]
[PlyCount "60"]

1. e4 d6 2. d4 Nf6 3. Nc3 g6 4. f4 Bg7 5. Bc4 O-O 6. Nf3 c5 7. e5 dxe5 8. dxe5 Qxd1+ 9. Nxd1 Ne8 10. O-O Nc7 11. Nc3 Nc6 12. a3 Bf5 13. Rf2 Rad8 14. Be3 b6 15. Rc1 a6 16. Nh4 Bc8 17. Nf3 b5 18. Bd3 Nd4 19. Bxd4 cxd4 20. Ne4 f6 21. Rd1 Ne6 22. g3 Bb7 23. Nfd2 fxe5 24. fxe5 Rxf2 25. Nxf2 Nc5 26. Re1 Nxd3 27. Nxd3 Bh6 28. Nb3 Be3+ 29. Kf1 Rf8+ 30. Nf4 g5 0-1

[Event "4NCL Online Division 4"]
[Site "online"]
[Date "2021.02.23"]
[EventDate "2021.02.23"]
[Round "3.43"]
[White "Ball, Katie C"]
[WhiteElo "1525"]
[WhiteTeam "Doughnuts of Doom"]
[Black "Litherland, Reuben"]
[BlackElo "1320"]
[BlackTeam "Sheffield Deaf"]
[Result "1/2-1/2"]
[PlyCount "70"]

1. d4 Nf6 2. Nc3 e6 3. Bf4 Be7 4. e4 Nc6 5. g4 h6 6. Qd2 d5 7. e5 Ne4 8. Nxe4 dxe4 9. O-O-O O-O 10. Bg2 Qd5 11. Kb1 b6 12. Ne2 Rd8 13. h4 Ba6 14. Nc3 Qxd4 15. Bxe4 Qxd2 16. Rxd2 Rxd2 17. Bxd2 Rd8 18. Bf4 Nd4 19. g5 hxg5 20. hxg5 Bb4 21. Rd1 Bxc3 22. bxc3 Nc6 23. Rxd8+ Nxd8 24. g6 fxg6 25. Bxg6 Kf8 26. Bh5 c5 27. Bg4 Bb7 28. Bg3 Bd5 29. a3 Nc6 30. Kc1 g5 31. Kd2 Na5 32. Be2 Bc4 33. Bg4 Bd5 34. Be2 Bc4 35. Bg4 Bd5 1/2-1/2

[Event "4NCL Online Division 4"]
[Site "online"]
[Date "2021.02.23"]
[EventDate "2021.02.23"]
[Round "3.44"]
[White "Cooper, Howard"]
[WhiteElo "1233"]
[WhiteTeam "Sheffield Deaf"]
[Black "Ball, Charlie"]
[BlackElo "1467"]
[BlackTeam "Doughnuts of Doom"]
[Result "0-1"]
[PlyCount "138"]

1. d4 Nf6 2. Bf4 c5 3. e3 Qb6 4. b3 g6 5. Nf3 Bg7 6. Be2 Nc6 7. c3 O-O 8. O-O d6 9. Nbd2 Nd5 10. Nc4 Qd8 11. Bg3 Nxc3 12. Qd3 Nxe2+ 13. Qxe2 cxd4 14. Rad1 Bg4 15. h3 Bh5 16. Qd2 Bxf3 17. gxf3 dxe3 18. fxe3 Qd7 19. Kg2 b5 20. Na5 Nxa5 21. Qxa5 a6 22. e4 Qc6 23. Rc1 Qd7 24. Rfd1 Rfc8 25. Rxc8+ Qxc8 26. Rd5 Qc2+ 27. Bf2 Bc3 28. Qc7 b4 29. Qc6 Rf8 30. Qxa6 Be1 31. Qf1 Bxf2 32. Qxf2 Qxf2+ 33. Kxf2 Ra8 34. Rd2 Kg7 35. Kg3 e5 36. a4 Ra6 37. Rd5 Rb6 38. Rb5 Rc6 39. Rxb4 f5 40. exf5 gxf5 41. a5 Ra6 42. Rb6 Rxa5 43. Rxd6 Rb5 44. Rd7+ Kg6 45. Rd6+ Kg5 46. h4+ Kh5 47. Rd3 Rb4 48. Rc3 Rxh4 49. Kf2 Rb4 50. Kg3 f4+ 51. Kf2 Kg5 52. Rc5 Rxb3 53. Rxe5+ Kf6 54. Re4 Kf5 55. Re7 Rb2+ 56. Kf1 h5 57. Rf7+ Kg5 58. Rg7+ Kf6 59. Rh7 Kg6 60. Rh8 Rb7 61. Kf2 Rh7 62. Rg8+ Rg7 63. Rh8 Kg5 64. Kg2 Kh4+ 65. Kf2 Rf7 66. Kg2 Rb7 67. Kf2 Rb2+ 68. Kg1 Kg3 69. Rxh5 Rb1# 0-1

[Event "4NCL Online Division 4"]
[Site "online"]
[Date "2021.02.23"]
[EventDate "2021.02.23"]
[Round "3.51"]
[White "Robertson, David J"]
[WhiteElo "2057"]
[WhiteTeam "Spirit of Atticus B"]
[Black "O'Byrne, Daniel"]
[BlackElo "1844"]
[BlackTeam "War & Piece 1"]
[Result "0-1"]
[PlyCount "50"]

1. e4 c5 2. Nf3 e6 3. d4 cxd4 4. Nxd4 Bc5 5. Nb3 Bb6 6. Nc3 Nc6 7. Qf3 Nge7 8. Be3 O-O 9. O-O-O f5 10. Qh3 fxe4 11. Nxe4 d5 12. Ng5 h6 13. Nf3 e5 14. Qh5 Bf5 15. Nh4 Bxe3+ 16. fxe3 a5 17. Nxf5 Rxf5 18. Qg4 a4 19. Nd2 a3 20. b3 Qa5 21. Nb1 Nb4 22. Nc3 Qc5 23. Bd3 Qxc3 24. Bxf5 Nxa2+ 25. Kb1 Qb2# 0-1

[Event "4NCL Online Division 4"]
[Site "online"]
[Date "2021.02.23"]
[EventDate "2021.02.23"]
[Round "3.52"]
[White "Kelly, Richard"]
[WhiteElo "1795"]
[WhiteTeam "War & Piece 1"]
[Black "Hall, John"]
[BlackElo "2063"]
[BlackTeam "Spirit of Atticus B"]
[Result "0-1"]
[PlyCount "54"]

1. d4 Nf6 2. c4 e6 3. Nc3 Bb4 4. Bg5 c5 5. d5 O-O 6. d6 h6 7. Bh4 g5 8. Bg3 Ne4 9. Qc2 f5 10. f3 Nxg3 11. hxg3 Qf6 12. O-O-O Nc6 13. e3 Bxc3 14. bxc3 Kg7 15. Nh3 b6 16. Bd3 Ba6 17. Kb2 Rab8 18. a4 Na5 19. Qe2 e5 20. f4 e4 21. fxg5 hxg5 22. Bxe4 Nxc4+ 23. Kc1 Qxc3+ 24. Qc2 Qa1+ 25. Qb1 Qa3+ 26. Kc2 fxe4 27. Nxg5 Rf2+ 0-1

[Event "4NCL Online Division 4"]
[Site "online"]
[Date "2021.02.23"]
[EventDate "2021.02.23"]
[Round "3.53"]
[White "Bimpson, Tom"]
[WhiteElo "1971"]
[WhiteTeam "Spirit of Atticus B"]
[Black "Fielding, Michael"]
[BlackElo "1792"]
[BlackTeam "War & Piece 1"]
[Result "1-0"]
[PlyCount "57"]

1. d4 d5 2. Nf3 c5 3. c4 dxc4 4. d5 e6 5. e4 exd5 6. exd5 Nf6 7. Nc3 Bd6 8. Bxc4 Qe7+ 9. Be2 O-O 10. O-O a6 11. a4 Bg4 12. Bg5 h6 13. Bh4 Nbd7 14. Re1 Qd8 15. Qc2 Qc7 16. h3 Bh5 17. Nd2 g5 18. Bg3 Bxg3 19. fxg3 Qxg3 20. Bxh5 Nxh5 21. Nde4 Qc7 22. d6 Qc6 23. Rad1 Nhf6 24. Nxf6+ Nxf6 25. Qf5 Kg7 26. Re7 Rfe8 27. Rc7 Qb6 28. Qxf6+ Kxf6 29. Nd5+ 1-0

[Event "4NCL Online Division 4"]
[Site "online"]
[Date "2021.02.23"]
[EventDate "2021.02.23"]
[Round "3.61"]
[White "Amir, Zain"]
[WhiteElo "1425"]
[WhiteTeam "Warwickshire Bears C"]
[Black "Foister, Steven A M"]
[BlackElo "2099"]
[BlackTeam "Maidenhead 1"]
[Result "0-1"]
[PlyCount "50"]

1. c4 e5 2. Nc3 Nf6 3. g3 Be7 4. Bg2 O-O 5. e3 Nc6 6. Nge2 d6 7. O-O Be6 8. d3 Qd7 9. e4 Bh3 10. Bg5 Bxg2 11. Kxg2 h6 12. Be3 Ng4 13. Qd2 Nxe3+ 14. Qxe3 f5 15. exf5 Rxf5 16. Nd5 Bg5 17. Qe4 Raf8 18. h4 Bd8 19. b4 Qf7 20. Qe3 Rf3 21. Qc1 Rxf2+ 22. Rxf2 Qxf2+ 23. Kh1 Qxe2 24. Qb1 Rf2 25. Qg1 Qf3+ 0-1

[Event "4NCL Online Division 4"]
[Site "online"]
[Date "2021.02.23"]
[EventDate "2021.02.23"]
[Round "3.62"]
[White "Smith, Nigel D"]
[WhiteElo "1884"]
[WhiteTeam "Maidenhead 1"]
[Black "Johal, Amrissa Kaur"]
[BlackElo "1392"]
[BlackTeam "Warwickshire Bears C"]
[Result "1-0"]
[PlyCount "73"]

1. d4 d5 2. c4 Nf6 3. cxd5 Nxd5 4. Nf3 e6 5. e4 Nf6 6. Nc3 Bb4 7. Bd3 Bxc3+ 8. bxc3 Nc6 9. O-O h6 10. Ba3 Qd7 11. Re1 a6 12. d5 Ne7 13. c4 O-O 14. Ne5 Qd8 15. Qe2 Re8 16. Qf3 exd5 17. cxd5 Ng6 18. Nxg6 fxg6 19. Qg3 Ng4 20. Bb2 Qd6 21. Qxd6 cxd6 22. Rac1 Bd7 23. Rc7 Bb5 24. Bb1 Ne5 25. Rec1 Rab8 26. f4 Nf7 27. Kf2 b6 28. e5 dxe5 29. Bxg6 Rf8 30. Bxf7+ Rxf7 31. Rxf7 Kxf7 32. Rc7+ Kg6 33. Bxe5 Rg8 34. Ke3 Kf5 35. h3 g5 36. g4+ Kg6 37. f5# 1-0

[Event "4NCL Online Division 4"]
[Site "online"]
[Date "2021.02.23"]
[EventDate "2021.02.23"]
[Round "3.63"]
[White "Nasibova, Margarita"]
[WhiteElo "1330"]
[WhiteTeam "Warwickshire Bears C"]
[Black "Iyengar, Srihari R"]
[BlackElo "1873"]
[BlackTeam "Maidenhead 1"]
[Result "0-1"]
[PlyCount "70"]

1. c4 e5 2. Nc3 Nf6 3. g3 Nc6 4. Bg2 Bc5 5. e4 d6 6. Nge2 a6 7. d3 O-O 8. O-O Bg4 9. h3 Be6 10. Kh2 h6 11. f4 Bd7 12. f5 Rb8 13. g4 Nd4 14. Ng3 c6 15. Be3 Nh7 16. Qd2 Be8 17. f6 Nxf6 18. Bxh6 Nxg4+ 19. hxg4 Qh4+ 20. Bh3 Qxh6 21. Qxh6 gxh6 22. Nh5 Ne6 23. Rf5 Be3 24. Nf6+ Kh8 25. Raf1 Bf4+ 26. Kh1 Ng7 27. Nxe8 Nxf5 28. gxf5 Rbxe8 29. Ne2 f6 30. Nxf4 exf4 31. Rxf4 Rg8 32. d4 Rg3 33. Kh2 Re3 34. e5 dxe5 35. dxe5 R8xe5 0-1

[Event "4NCL Online Division 4"]
[Site "online"]
[Date "2021.02.23"]
[EventDate "2021.02.23"]
[Round "3.64"]
[White "Mashayekh, Majid"]
[WhiteElo "1827"]
[WhiteTeam "Maidenhead 1"]
[Black "Xia, Weiquan"]
[BlackElo "1223"]
[BlackTeam "Warwickshire Bears C"]
[Result "1-0"]
[PlyCount "83"]

1. Nf3 d5 2. b3 Bf5 3. Bb2 e6 4. d3 Nf6 5. g3 Bd6 6. Bg2 O-O 7. Nh4 Bg6 8. Nd2 c6 9. O-O Nbd7 10. Nxg6 fxg6 11. e4 Bc5 12. d4 Bb6 13. e5 Ne8 14. a4 Nc7 15. c4 a5 16. Qg4 Ba7 17. Rae1 c5 18. cxd5 Nxd5 19. Qxe6+ Kh8 20. Qxd5 cxd4 21. Nc4 Nb6 22. Nxb6 Qxb6 23. Qxb7 Qxb7 24. Bxb7 Rab8 25. Bd5 Rfd8 26. Bc4 d3 27. Rd1 d2 28. Bc3 Bb6 29. Kg2 Bc7 30. e6 Re8 31. Rxd2 Re7 32. Rd7 Rxd7 33. exd7 Rd8 34. Re1 h5 35. Re8+ Rxe8 36. dxe8=Q+ Kh7 37. Qg8+ Kh6 38. Qxg7+ Kg5 39. Qf6+ Kh6 40. h4 Be5 41. Qxe5 g5 42. Qg7# 1-0

[Event "4NCL Online Division 4"]
[Site "online"]
[Date "2021.02.23"]
[EventDate "2021.02.23"]
[Round "3.71"]
[White "Bailey, Adrian"]
[WhiteElo "1709"]
[WhiteTeam "Cheshire Cats"]
[Black "Gajdosz, Marek"]
[BlackElo "1932"]
[BlackTeam "Darnall & Handsworth"]
[Result "0-1"]
[PlyCount "122"]

1. Nf3 c5 2. c4 Nc6 3. Nc3 e6 4. d4 cxd4 5. Nxd4 a6 6. e4 Qc7 7. Be2 Nf6 8. O-O Ne5 9. f4 Nxc4 10. e5 Ng8 11. Kh1 d5 12. exd6 Nxd6 13. Be3 Ne7 14. Rc1 Qd7 15. Bf3 Nef5 16. Bf2 Nxd4 17. Qxd4 Nf5 18. Qb6 Bd6 19. Rfd1 Qe7 20. Ne4 Bxf4 21. Rc2 h5 22. g3 Be5 23. Bc5 Qc7 24. Qb4 Bd7 25. Rcd2 Bc6 26. Kg1 a5 27. Qa3 b6 28. Bd6 Nxd6 29. Nxd6+ Bxd6 30. Rxd6 Bxf3 31. Qxf3 Qc5+ 32. Kh1 O-O 33. Rc6 Qb5 34. Rc2 Rac8 35. Rdc1 Rxc2 36. Rxc2 Rd8 37. Kg2 Qd5 38. Kf2 Qxf3+ 39. Kxf3 Rd5 40. Ke4 Kf8 41. Rc6 b5 42. Ke3 Ke7 43. h4 g6 44. Rc8 Kf6 45. Rc7 b4 46. Ra7 Rc5 47. Kd3 Rf5 48. Ke3 g5 49. hxg5+ Kxg5 50. Rb7 Kg4 51. Rb8 Kxg3 52. Rg8+ Kh3 53. Rb8 h4 54. Rg8 Kh2 55. Ke2 h3 56. Rg7 f6 57. Re7 Kg2 58. Rg7+ Rg5 59. Rc7 h2 60. Rc2 h1=Q 61. Ke3+ Kg3 0-1

[Event "4NCL Online Division 4"]
[Site "online"]
[Date "2021.02.23"]
[EventDate "2021.02.23"]
[Round "3.72"]
[White "Brennan, Oliver"]
[WhiteElo "1687"]
[WhiteTeam "Darnall & Handsworth"]
[Black "Cox, Paul"]
[BlackElo "1590"]
[BlackTeam "Cheshire Cats"]
[Result "1-0"]
[PlyCount "45"]

1. e4 e5 2. f4 Bc5 3. c3 Nc6 4. Nf3 d6 5. d4 exd4 6. cxd4 Bb6 7. Bb5 Bd7 8. Nc3 a6 9. Ba4 Nge7 10. O-O O-O 11. Be3 Na5 12. Bc2 Nc4 13. Bc1 f5 14. b3 Na5 15. Bb2 Bc6 16. Ng5 Qd7 17. Kh1 fxe4 18. Qh5 h6 19. Ncxe4 Bxe4 20. Bxe4 Nf5 21. Bd5+ Kh8 22. g4 Ne3 23. Qg6 1-0

[Event "4NCL Online Division 4"]
[Site "online"]
[Date "2021.02.23"]
[EventDate "2021.02.23"]
[Round "3.73"]
[White "Fisher, Peter"]
[WhiteElo "1622"]
[WhiteTeam "Cheshire Cats"]
[Black "Chatterton, Craig"]
[BlackElo "1630"]
[BlackTeam "Darnall & Handsworth"]
[Result "1/2-1/2"]
[PlyCount "41"]

1. e4 e6 2. d4 d5 3. Nd2 Nf6 4. exd5 exd5 5. Ngf3 Bd6 6. Be2 O-O 7. O-O Bf5 8. h3 h6 9. Re1 Nbd7 10. c3 c6 11. Nf1 Re8 12. Be3 Qc7 13. Qb3 Re7 14. N1d2 b5 15. a4 bxa4 16. Rxa4 Rb8 17. Qa2 Nb6 18. Ra6 Rbe8 19. Ra1 Ra8 20. Qa5 Nc8 21. b4 1/2-1/2